1147 1100 1440 1769 1030 1421 1823 1121 1958 1372 1164 1860 1101 1007 1730 1393 1720 1819 1499 1875 1376 1551 1120 1639 1619 1803 1418 1931 1956 1903 1530 1564 1788 1409 1971 1817 1580 1547 1039 1779 1197 1441 1243 1135 1309 1886 1333 1089 1833 1407 1784 1151 1592 1064 1884 1289 1425 1697 1101 1869 1870 1251 1204 1323 1840 1841 1955 1987 1689 1178 1896 1654 1198 1990 1182 1711 1612 1254 1303 1854 1308 1766 1686 1810 1805 1948 1456 1020 1952 1955 1868 1185 1628 1297 1017 1073 1845 1589 1593 BCNSPRNW ULIB Ver.6.0+V

เปลี่ยนเป็นภาษาไทย

Change to English
 แสดงรายละเอียดบรรณานุกรม
  กลับหน้าหลัก

Brief Record : Get Marc (ISO 2709) : E-mail record : QR code < ปิดหน้าต่าง
LEADER : 00000nam 2200000uu 4500
001    13399113397
003     ULIB
008    111110s2549||||th 000 0 tha d
020    9746520334
060 04 W33JT3^bม738ก 2549
100 0  เมธี วงศ์ศิริสุวรรณ
245 10 กฎหมายกับการประกอบวิชาชีพเวชกรรม /^cเมธี วงศ์ศิริสุวรรณ
250    พิมพ์ครั้งที่ 1
260    กรุงเทพฯ :^bบุ๊คเน็ท,^c2549
300    xxi, 358 หน้า :^bภาพประกอบ ;^c27 ซม.
650  7 กฎหมายทางการแพทย^zไทย
650  7 การประกอบโรคศิลป์^xกฎหมายและระเบียบข้อบังคับ^zไทย
650  7 การแพทย์^xกฎหมายและระเบียบข้อบังคับ
650  7 บุคลากรทางการแพทย์^xกฎหมายและระเบียบข้อบังคับ^zไทย
945    ^p550^l0^i16115
995    กัณชพร
999    ^aใช้งานได้ทุกระบบ
รายการนี้ยังไม่มีแท็ก
คุณยังไม่ได้ล็อกอิน คุณสามารถมีกิจกรรมร่วมกับเว็บไซต์ได้ แต่ต้องล็อกอินก่อน ::
  ล็อกอิน

รายการสื่อสารสนเทศ

ลำดับที่ ประเภท เลขเรียก/บาร์โค้ด สถานที่ สถานะ
- ไม่พบข้อมูล -

BibComment


ยังไม่เคยถูกคอมเมนท์

คอมเมนท์ทรัพยากรรายการนี้
  คอมเมนท์: กฎหมายกับการประกอ..


 Copyright 2026. Bcnsprnw @Library